Las transformaciones en la estructura socio-ocupacional en Costa Rica en el cambio de siglo /
El artículo realiza una síntesis del libro Transformaciones en la estructura social en Costa Rica: estratos socioocupacionales, educación y trabajo. Se presentan algunas consideraciones metodológicas para finalmente presentar algunos resultados sobre las dimensiones de los cambios en la estructura s...
保存先:
| 第一著者: | |
|---|---|
| その他の著者: | |
| フォーマット: | テキスト |
| 主題: | |
| タグ: |
タグ追加
タグなし, このレコードへの初めてのタグを付けませんか!
|
MARC
| LEADER | 00000 a a2200000 04500 | ||
|---|---|---|---|
| 001 | 4465 | ||
| 003 | |||
| 040 | |||
| 100 | |a Castro Valverde, Carlos | ||
| 245 | |a Las transformaciones en la estructura socio-ocupacional en Costa Rica en el cambio de siglo / |c Carlos Castro Valverde | ||
| 520 | |a El artículo realiza una síntesis del libro Transformaciones en la estructura social en Costa Rica: estratos socioocupacionales, educación y trabajo. Se presentan algunas consideraciones metodológicas para finalmente presentar algunos resultados sobre las dimensiones de los cambios en la estructura socioocupacional 1950-1995, las transformaciones en el período 1987-2000, mencionando luego el contradictorio papel de la educación. Para finalmente concluir que desapareció el ideal sobre la clase media pero no los estratos medios como grupos socioocupacionales, y plantean la necesidad de analizar la diferenciación al interior de los estratos bajos | ||
| 650 | |a ESTRATIFICACION SOCIAL | ||
| 650 | |a COSTA RICA | ||
| 650 | |a INGRESO | ||
| 650 | |a POBLACION OCUPADA | ||
| 650 | |a ESTRATIFICACION SOCIAL | ||
| 650 | |a DESEMPLEO | ||
| 650 | |a EDUCACION | ||
| 700 | |a Gutiérrez Espeleta, Ana Lucía | ||
| 773 | |g número 6; páginas 39-51 | ||
| 999 | |c 22322 |d 22322 | ||
